=LDR 00000nam 2200000 4500 =001 INLIS000000000029332 =005 20140317160536.0 =006 =007 =008 Ind =035 ##$$a 0010-061300000029332 =041 ##$$a Ind =082 ##$$a 573.21 =090 ##$$a 573.21, Cla g =100 ##$$a Clarke, Cyril A =245 ##$$a Genetika manusia dan kedokteran, Cyril A Clarke =260 ##$$a 1970 $b jakarta =300 ##$$a 145 hlm, ilus, 21 cm =650 ##$$a Genetika =850 ##$$a NBPNMAT